000 00369cam a2200145ua 4500
041 _aeng
_h
082 _a330.1
_bTAU/PR
100 _aTaussig, F.W .
245 _aprinciple of economics /
_cTaussing F.W.
_hTextual Documents
260 _aLondon :
_bMacMillan and Company Limited ,
_c1961.
300 _a595 ; .
504 _a
942 _cBK
999 _c12405
_d12405